Sports Quiz

Random Sports or Football Quiz
Score 0/80 Timer 12:00
1 Play Today
Game and Competition Player Name % Correct
Liverpool vs Swansea City, Premier League 2013Simon Mignolet
74.5%
Chelsea vs Wolverhampton Wanderers, Capital One Cup 2012John Terry
74.3%
Inter Milan vs Udinese, Serie A 2020Romelu Lukaku
72.6%
Liverpool vs Swansea City, Premier League 2013Martin Škrtel
71.2%
Fenerbahce vs Zenit St. Petersburg, Europa League 2019Martin Škrtel
71.2%
Liverpool vs Swansea City, Premier League 2013Philippe Coutinho
68.2%
Chelsea vs Wolverhampton Wanderers, Capital One Cup 2012Gary Cahill
67.5%
Chelsea vs Wolverhampton Wanderers, Capital One Cup 2012Fernando Torres
67.2%
Inter Milan vs Udinese, Serie A 2020Christian Eriksen
65.3%
Inter Milan vs Udinese, Serie A 2020Ashley Young
62.7%
Liverpool vs Swansea City, Premier League 2013Jordan Henderson
62.7%
Chelsea vs Wolverhampton Wanderers, Capital One Cup 2012César Azpilicueta
62.3%
Liverpool vs Swansea City, Premier League 2013Daniel Sturridge
62.3%
Liverpool vs Swansea City, Premier League 2013Steven Gerrard
62%
Liverpool vs Swansea City, Premier League 2013Mamadou Sakho
60.4%
West Ham United vs Newcastle United, Premier League 2015Diafra Sakho
60.3%
Chelsea vs Wolverhampton Wanderers, Capital One Cup 2012Juan Mata
56.9%
Liverpool vs Swansea City, Premier League 2013Lucas Leiva
56.6%
Chelsea vs Wolverhampton Wanderers, Capital One Cup 2012Ramires
55.8%
West Ham United vs Newcastle United, Premier League 2015Mark Noble
51.7%
Stoke City vs Portsmouth, Capital One Cup 2014Peter Crouch
51.6%
West Ham United vs Newcastle United, Premier League 2015Manuel Lanzini
50.6%
West Ham United vs Newcastle United, Premier League 2015Dimitri Payet
50.1%
Stoke City vs Portsmouth, Capital One Cup 2014Jack Butland
49.6%
West Ham United vs Newcastle United, Premier League 2015Winston Reid
47.2%
Inter Milan vs Udinese, Serie A 2020Stefan de Vrij
45.2%
Stoke City vs Portsmouth, Capital One Cup 2014Ryan Shawcross
44.3%
Stoke City vs Portsmouth, Capital One Cup 2014Robert Huth
44.3%
West Ham United vs Newcastle United, Premier League 2015Angelo Ogbonna
43.1%
Liverpool vs Swansea City, Premier League 2013José Enrique
40.6%
Crystal Palace vs Preston North End, Championship 2008Julián Speroni
40.1%
Inter Milan vs Udinese, Serie A 2020Milan Škriniar
39.7%
West Ham United vs Newcastle United, Premier League 2015Darren Randolph
38.3%
West Ham United vs Newcastle United, Premier League 2015Aaron Cresswell
37.8%
West Ham United vs Newcastle United, Premier League 2015Cheikhou Kouyaté
36.8%
Chelsea vs Wolverhampton Wanderers, Capital One Cup 2012Ryan Bertrand
34.3%
Stoke City vs Portsmouth, Capital One Cup 2014Charlie Adam
33%
Fenerbahce vs Zenit St. Petersburg, Europa League 2019Islam Slimani
32.4%
Stoke City vs Portsmouth, Capital One Cup 2014Geoff Cameron
31.5%
Wigan Athletic vs Bolton Wanderers, Premier League 2010Hugo Rodallega
30.4%
Game and Competition Player Name % Correct
Stoke City vs Portsmouth, Capital One Cup 2014Jonathan Walters
27.4%
Wigan Athletic vs Bolton Wanderers, Premier League 2010Chris Kirkland
26%
Wigan Athletic vs Bolton Wanderers, Premier League 2010Maynor Figueroa
24.2%
Inter Milan vs Udinese, Serie A 2020Matías Vecino
23.6%
Chelsea vs Wolverhampton Wanderers, Capital One Cup 2012Ross Turnbull
20.9%
Stoke City vs Portsmouth, Capital One Cup 2014Peter Odemwingie
20.6%
Fenerbahce vs Zenit St. Petersburg, Europa League 2019Mauricio Isla
20%
Wigan Athletic vs Bolton Wanderers, Premier League 2010Paul Scharner
19.9%
Wigan Athletic vs Bolton Wanderers, Premier League 2010James McCarthy
19.9%
Wigan Athletic vs Bolton Wanderers, Premier League 2010Emmerson Boyce
19.6%
Wigan Athletic vs Bolton Wanderers, Premier League 2010Charles N'Zogbia
18.7%
Wigan Athletic vs Bolton Wanderers, Premier League 2010Gary Caldwell
17.7%
Inter Milan vs Udinese, Serie A 2020Nicolò Barella
17.6%
Fenerbahce vs Zenit St. Petersburg, Europa League 2019Mathieu Valbuena
17.4%
Chelsea vs Wolverhampton Wanderers, Capital One Cup 2012Oriol Romeu
17%
Stoke City vs Portsmouth, Capital One Cup 2014Marc Muniesa
16%
Crystal Palace vs Preston North End, Championship 2008Carl Fletcher
15.8%
Chelsea vs Wolverhampton Wanderers, Capital One Cup 2012Lucas Piazón
14.4%
Wigan Athletic vs Bolton Wanderers, Premier League 2010Mohamed Diamé
13.9%
West Ham United vs Newcastle United, Premier League 2015James Tomkins
13.3%
Inter Milan vs Udinese, Serie A 2020Sebastiano Esposito
11%
Inter Milan vs Udinese, Serie A 2020Alessandro Bastoni
10.9%
Crystal Palace vs Preston North End, Championship 2008Clinton Morrison
8.6%
Inter Milan vs Udinese, Serie A 2020Daniele Padelli
7.6%
Crystal Palace vs Preston North End, Championship 2008Ben Watson
6.8%
Wigan Athletic vs Bolton Wanderers, Premier League 2010Titus Bramble
6.5%
Liverpool vs Swansea City, Premier League 2013Andre Wisdom
6.4%
Stoke City vs Portsmouth, Capital One Cup 2014Andy Wilkinson
5.6%
Fenerbahce vs Zenit St. Petersburg, Europa League 2019Elif Elmas
5.6%
Fenerbahce vs Zenit St. Petersburg, Europa League 2019Mehmet Topal
3.9%
Fenerbahce vs Zenit St. Petersburg, Europa League 2019Hasan Ali Kaldirim
2.6%
Crystal Palace vs Preston North End, Championship 2008Danny Butterfield
2.5%
Crystal Palace vs Preston North End, Championship 2008Matt Lawrence
2.2%
Crystal Palace vs Preston North End, Championship 2008Mark Hudson
2.1%
Crystal Palace vs Preston North End, Championship 2008Paul Ifill
2%
Crystal Palace vs Preston North End, Championship 2008Shaun Derry
1.9%
Fenerbahce vs Zenit St. Petersburg, Europa League 2019Harun Tekin
1.8%
Crystal Palace vs Preston North End, Championship 2008Lee Hills
1.6%
Fenerbahce vs Zenit St. Petersburg, Europa League 2019Jailson
1.5%
Fenerbahce vs Zenit St. Petersburg, Europa League 2019Sadık Çiftpinar
0.9%
Remove Ads.
Support Sporcle.
Get the best of Sporcle when you Go Orange. This ad-free experience offers more features, more stats, and more fun while also helping to support Sporcle. Thank you for becoming a member.

You're not logged in!

Compare scores with friends on all Sporcle quizzes.
OR
Log In

Sporcle TV

Today on Sporcle TV


Watch our educational content, quiz creation guides, and fun videos on Sporcle TV.

Show Comments

Extras

Top Quizzes Today


Score Distribution

Paid Content

Your Account Isn't Verified!

In order to create a playlist on Sporcle, you need to verify the email address you used during registration. Go to your Sporcle Settings to finish the process.

Report this User

Report this user for behavior that violates our Community Guidelines.

Details: